[Event "Saint Affrique op 30th"]
[Site "Saint Affrique"]
[Date "2024.07.20"]
[Round "1"]
[White "Tabutin, Lucas"]
[Black "Buscara, Sevan"]
[Result "0-1"]
[WhiteElo "1771"]
[BlackElo "2187"]
[PlyCount "54"]
[EventDate "2024.07.20"]
[EventType "swiss"]
[EventRounds "9"]
[EventCountry "FRA"]
[SourceTitle "CBM 221 Extra"]
[Source "ChessBase"]
[SourceDate "2024.09.30"]
[SourceVersion "1"]
[SourceVersionDate "2024.09.30"]
[SourceQuality "1"]

1. e4 c5 2. Nf3 Nc6 3. c3 d5 4. exd5 Qxd5 5. Na3 Bg4 6. Be2 Nf6 7. Nc2 e6 8. Ne3 Qd6 9. Nxg4 Nxg4 10. d4 0-0-0 11. h3 Nh6 12. 0-0 Nf5 13. dxc5 Qxc5 14. Qa4 Bd6 15. Nd4 Nfxd4 16. cxd4 Qxd4 17. Qb3 Qe5 18. g3 Qxe2 19. Be3 Bc7 20. Rac1 Rd3 21. Qa4 Rxe3 22. Rxc6 bxc6 23. Qxa7 Bxg3 24. Qa8+ Kd7 25. Qa7+ Bc7 26. Qd4+ Ke7 27. Rd1 Rg3+ 0-1